| 000 | 00914cam a2200301 i 4500 | ||
|---|---|---|---|
| 999 |
_c200429246 _d47170 |
||
| 001 | 200429246 | ||
| 003 | TR-AnTOB | ||
| 005 | 20190926161818.0 | ||
| 007 | ta | ||
| 008 | 991011s2004 tu d 010 0 tur d | ||
| 020 | _a9756242019 | ||
| 020 | _a9789756242018 | ||
| 040 |
_aDLC _beng _erda _cDLC _dZCU _dBGZ _dTR-AnTOB |
||
| 041 | _atur | ||
| 050 | 0 | _aDR589 | |
| 090 |
_aDR589 _b.C5 2004 |
||
| 100 |
_aÇiloğlu, Fahrettin _9119422 |
||
| 245 | 1 | 0 |
_aKurtuluş Savaşı sözlüğü / _cFahrettin Çiloğlu. |
| 264 | 1 |
_aİstanbul : _bLivane, _c2004. |
|
| 300 |
_a274 pages ; _c20 cm. |
||
| 336 |
_atext _2rdaconten _btxt |
||
| 337 |
_aunmediated _2rdamedia _bn |
||
| 338 |
_avolume _2rdacarrier _bnc |
||
| 651 | 0 |
_aTurkey _xHistory _yRevolution, 1918-1923 _vDictionaries _9120293 |
|
| 651 |
_aTürkiye _xTarih _yKurtuluş Savaşı, 1918-1923 _vSözlükler _9102036 |
||
| 942 |
_2lcc _cBK |
||